| 000 | 01365cam a22003497a 4500 | ||
|---|---|---|---|
| 003 | CHAP | ||
| 005 | 20220329141912.0 | ||
| 008 | 980512d1992 mx a ry 00110 spa d | ||
| 010 | _a75501 | ||
| 011 | _a76473 | ||
| 020 | _a9706201351 | ||
| 035 | _a86058 | ||
| 040 | _cCHAP | ||
| 082 | 0 | 4 |
_a972.02 _bU55 |
| 110 | 2 |
_aUniversidad Autónoma Metropolitana. Unidad Azcapotzalco _9116374 |
|
| 245 | 1 | 0 |
_aVisiones y creencias : _banuario conmemorativo de V centenario de la llegada de España a América _c/por Universidad Autónoma Metropolitana. Unidad Azcapotzalco |
| 260 |
_aMéxico, D. F. : _bUniversidad Autónoma Metropolitana. Unidad Azcapotzalco, _c1992. |
||
| 300 |
_av. : _bilus. |
||
| 500 | _aLa biblioteca tiene : v.4 | ||
| 590 |
_aBATCH-UPD _b10 _c20130110 _lUCH01 _h1938 |
||
| 590 |
_aBATCH-UPD _b10 _c20130410 _lUCH01 _h1301 |
||
| 590 |
_aBATCH-UPD _b10 _c20130914 _lUCH01 _h1827 |
||
| 590 |
_aCONVERSION _b10 _c20130109 _lUCH01 _h1341 |
||
| 650 | 1 | 4 |
_aMéxico _xHistoria _xColonia. _976754 |
| 650 | 1 | 4 |
_aMéxico _xHistoria _xConquista. _976756 |
| 650 | 1 | 4 |
_aMéxico _xVida social y costumbres. _976800 |
| 901 | _aBK | ||
| 905 | _aLilia Sánchez G. | ||
| 942 | _cLIBRO | ||
| 949 |
_a972.02 U55 _bBC _cLIBRO _d33724000595146 _eLIBRO _fv.4 c.2 _h93179 _i86058 _kDonaciØn _si |
||
| 949 |
_a972.02 U55 _bBC _cLIBRO _d33724000595161 _eLIBRO _fv.4 _h93178 _i86058 _kDonaciØn _si |
||
| 999 |
_c75501 _d75501 |
||